MANAGEMENT FUNCTIONS AND BEHAVIOR (Record no. 9128)
[ view plain ]
| 000 -LEADER | |
|---|---|
| fixed length control field | 00511nam a22001577a 4500 |
| 003 - CONTROL NUMBER IDENTIFIER | |
| control field | SGT |
| 020 ## - INTERNATIONAL STANDARD BOOK NUMBER | |
| International Standard Book Number | 8122500935 |
| 082 ## - DEWEY DECIMAL CLASSIFICATION NUMBER | |
| Classification number | 658.3,SUR |
| 100 ## - MAIN ENTRY--PERSONAL NAME | |
| Personal name | SURI, R .K. |
| 245 ## - TITLE STATEMENT | |
| Title | MANAGEMENT FUNCTIONS AND BEHAVIOR |
| 260 ## - PUBLICATION, DISTRIBUTION, ETC. (IMPRINT) | |
| Place of publication, distribution, etc | NEW DELHI |
| Name of publisher, distributor, etc | KITAB MAHAL |
| Year of Publication | 1999 |
| 300 ## - PAGE DESCRIPTION | |
| No. of Pages | 704 |
| 650 ## - SUBJECT ADDED ENTRY--TOPICAL TERM | |
| Topical term or geographic name as entry element | MANAGEMENT |
| 653 ## - KEYWORDS--INDEX TERM | |
| Keyword term | CONCEPT AND NATURE OF MANAGEMENT,FUNCTIONS LEVELS AND SKILLS OF MANAGERS, AN OVERVIEW OF MANAGEMENT PRINCIPLES ,PROFESSIONAL MANAGER CONTEMPORARY, ISSUES AND CHALLENGES |
| 942 ## - ADDED ENTRY ELEMENTS (KOHA) | |
| Source of classification or shelving scheme | Dewey Decimal Classification |
| Koha item type | FCM Books |
| 942 ## - ADDED ENTRY ELEMENTS (KOHA) | |
| -- | 1 |
| Withdrawn status | Lost status | Source of classification or shelving scheme | Damaged status | Not for loan | Collection code | Home library | Current library | Shelving location | Date acquired | Cost, normal purchase price | SGTU | Total Checkouts | Full call number | Accession No. (Barcode) | Date last seen | Date last borrowed | Bill Date | Koha item type |
|---|---|---|---|---|---|---|---|---|---|---|---|---|---|---|---|---|---|---|
| Dewey Decimal Classification | COMMERCE MANAGEMENT | SGT Science & Social Sciences Library | SGT Science & Social Sciences Library | Text Book | 18/06/2016 | 175.00 | SGTU | 3 | 658.3,SUR | CM288 | 03/03/2022 | 19/02/2022 | 18/06/2016 | FCM Books |